Analýza a zdokonaľovanie firemnej kultúry : Diplomová práca

Enregistré dans:
Détails bibliographiques
Auteur principal: Balážová, Adriana (Auteur)
Autres auteurs: Černá, Ľubica, 1967- (xxx)
Format: Manuscrit Livre
Langue:slovaque
Publié: Trnava : STU v Bratislave MtF KPIM, 2004
Sujets:
Tags: Ajouter un tag
Pas de tags, Soyez le premier à ajouter un tag!

MARC

LEADER 00000ntm a22000003a 4500
001 stu89286
005 20160719154646.3
008 040728s2004----xo------------------slo-d
040 |a STU  |b slo 
041 0 |a slo 
044 |a xo 
100 1 |a Balážová, Adriana  |4 aut 
245 1 |a Analýza a zdokonaľovanie firemnej kultúry :  |b Diplomová práca 
260 |a Trnava :  |b STU v Bratislave MtF KPIM,  |c 2004 
300 |a 77 s  |c príl., CD 
650 7 |a priemyselné inžinierstvo a manažment  |2 stusub 
700 1 |a Černá, Ľubica,  |d 1967-  |4 xxx  |u M4000  |U MTF Materiálovotechnologická fakulta  |T MTF Ústav priemyselného inžinierstva a manažmentu  |X 2813  |U M4000  |Y 84  |7 A000002813 
996 |b 284M059964  |c M*DP-5209  |l MMSKP  |s P  |a 0  |w stu89286_0001